16 Cuentos latinoamericanos : (Record no. 51)
[ view plain ]
| 000 -CABECERA | |
|---|---|
| campo de control de longitud fija | 00551nam a2200181 a 4500 |
| 005 - FECHA Y HORA DE LA ÚLTIMA TRANSACCIÓN | |
| campo de control | 20210223120406.0 |
| 008 - ELEMENTOS DE LONGITUD FIJA--INFORMACIÓN GENERAL | |
| campo de control de longitud fija | 991125s1992 ag 000 0 spa u |
| 035 ## - NÚMERO DE CONTROL DEL SISTEMA | |
| Número de control de sistema | UPN01000000051 |
| 049 ## - COLECCIÓN | |
| Colección | CG |
| 050 #4 - SIGNATURA TOPOGRÁFICA DE LA BIBLIOTECA DEL CONGRESO | |
| Número de clasificación | PQ7082 C8 |
| Número de documento/Ítem | D5.3 |
| 245 00 - MENCIÓN DE TÍTULO | |
| Título | 16 Cuentos latinoamericanos : |
| Resto del título | antología para jóvenes / |
| Mención de responsabilidad, etc. | Julio Cortazar ... [et al.]. |
| 260 ## - PUBLICACIÓN, DISTRIBUCIÓN, ETC. | |
| Lugar de publicación, distribución, etc. | Argentina : |
| Nombre del editor, distribuidor, etc. | Aique, |
| Fecha de publicación, distribución, etc. | 1992. |
| 300 ## - DESCRIPCIÓN FÍSICA | |
| Extensión | 221 p. |
| 500 ## - NOTA GENERAL | |
| Nota general | "Coedición latinoamericana" |
| 650 #4 - ASIENTO SECUNDARIO DE MATERIA - TERMINO TEMATICO | |
| Término de materia o nombre geográfico como elemento de entrada | CUENTOS LATINOAMERICANOS |
| 9 (RLIN) | 12678 |
| 700 1# - ASIENTO SECUNDARIO--NOMBRE DE PERSONAL | |
| Nombre de persona | Cortázar, Julio, |
| Fechas asociadas al nombre | 1914-1984 |
| Término indicativo de función/relación | coaut. |
| 905 ## - TIPO DE MATERIAL | |
| Tipo de material | Libro |
| Estado de retiro | Estado de pérdida | Fuente del sistema de clasificación o colocación | Estado dañado | No para préstamo | Código de colección | Localización permanente | Ubicación/localización actual | Ubicación en estantería | Total de préstamos | Clasificación | Código de barras | Fecha visto por última vez | Fecha del último préstamo | Número de copia | Tipo de ítem Koha | Fecha de adquisición |
|---|---|---|---|---|---|---|---|---|---|---|---|---|---|---|---|---|
| Library of Congress Classification | Colección General | Bib. Gregorio Torres Quintero | Bib. Gregorio Torres Quintero | Planta baja | 4 | PQ7082 C8 D5.3 | 273088 | 01/04/2025 | 13/03/2025 | 1 | Libro | |||||
| Library of Congress Classification | En restauración | Colección General | Bib. Gregorio Torres Quintero | Bib. Gregorio Torres Quintero | Planta baja | 18 | PQ7082 C8 D5.3 | 155847 | 31/12/2020 | 1 | Libro | 11/08/2023 |
